Pokémon Orange Islands Theme Song - Statistics

General Stats
  • This quiz has been taken 38 times
  • The average score is 12 of 20
Answer Stats
Lyrics Answer % Correct
So you wanna be a master of ______ Pokémon
100%
So you wanna be a master of _______ Pokémon
100%
Do you have the skills to be _____ ___ Number One
83%
Do you have the skills to be ______ ___ Number One
83%
We all live in a _______ _____ Pokémon World
75%
We all live in a _______ _____ Pokémon World
75%
We all live in a _______ _____ Pokémon World
75%
I wanna be the greatest ______ __ ____ ___ Master Of Them All
71%
I wanna be the greatest ______ __ ____ ___ Master Of Them All
71%
To be better than ___ ___ ____ All The Rest
58%
Use the power that's __ __ ____ In My Hand
58%
Put myself __ ___ ____ To The Test
50%
To risk it all and ___ ______ Not Forget
46%
I wanna take the _______ ____ Ultimate Step
46%
The lessons that _ ____ I Hold
42%
I wanna go where __ ____ ____ No One's Been
42%
Find the courage to be ____ Bold
33%
Far beyond the _____ Crowd
29%
Learn the way to ____ _______ Take Command
29%
Got the power right __ ____ _____ In Your Hands
13%
No matching quizzes found
Score Distribution
Percent of People with Each Score
Percentile by Number Answered
Your Score History
You have not taken this quiz